| 000 | 00615nam a2200229Ia 4500 | ||
|---|---|---|---|
| 003 | OSt | ||
| 005 | 20220918223626.0 | ||
| 006 | a|||||r|||| 00| 0 | ||
| 007 | ta | ||
| 008 | 220917b |||||||| |||| 00| 0 eng d | ||
| 024 | _a224,192 | ||
| 037 | _cTextual | ||
| 040 |
_aARTS _cARTS _beng |
||
| 041 |
_2eng _aeng |
||
| 082 | _aQ.1, P5 | ||
| 100 |
_aHinnells John R. Ed. _9146185 |
||
| 245 | 0 | _aThe routledge companion to the study of religion | |
| 260 |
_aLondon _bRoutledge _c2005 |
||
| 300 |
_axii,556p. _ccm. |
||
| 942 |
_hQ.1, P5 _cTEXL _2CC |
||
| 999 |
_c278984 _d278984 |
||